000 00579nam a2200181Ia 4500
999 _c36936
_d36936
003 OSt
005 20210121124106.0
008 190216s9999||||xx |||||||||||||| ||und||
020 _a9788183870757
040 _coclc
082 _a305.420954
_bSAT/Y
100 _aSatapathy, Sachidananda
_98345
245 0 _aYouth Vision 2020 Towards Building An India Of Our Choice /
_cSachidananda Satapathy
260 _bSerials Publications,
_c2008.
_aNew Delhi:
300 _a253p
650 _aReferences
942 _cBK
_2ddc
_h305.420954
_iSAT/Y
_k305.420954
_mSAT/Y